000
00274nam a2200121Ia 4500
008
151001s9999||||xx |||||||||||||| ||und||
100
_a
भाऊ पाध्ये
245
_a
राडा
250
_a
3
260
_b
शब्द
300
_a
135
365
_b
21
999
_c
1000943
_d
1000940